000 00286nam a22001337a 4500
008 170225b xxu||||| |||| 00| 0 eng d
020 _a0721696627
041 _aeng
080 _a617
100 _a5
101 _aSHK
245 _aNEUROLOGICAL SURGERY
_cYOUMANS, J.R
942 _2udc
_cBK
999 _c6257
_d6257